00702nam a2200217Ia 4500003000400000005001700004006001800021007000300039008004100042024001000083037001100093040001800104041001300122100001900135110006700154245015300221260000900374650001200383700002200395700006700417OSt20220930073221.0a|||||r|||| 00| 0ta220926b |||||||| |||| 00| 0 eng d a28735 cTheses aCRLcCRLbeng 2engaeng aGuda Arundhati aUniversity of Delhi. Faculty of Science. Department of Zoology 0aBulk purification and free subunit characterizationof luteinizing hormone and immunocytochemical investigations on the anterior pituitary of buffalo c2000 aZOOLOGY a Prof T R Rao Gu. aUniversity of Delhi. Faculty of Science. Department of Zoology